000 00447nam a2200145Ia 4500
008 231129s2011||||xx |||||||||||||| ||spa||
020 _a978-958-703-240-6 (v
040 _bspa
082 _aR 371.9 B914c
100 _aBruzzo Mariana
245 0 _aCómo integrar a niños con necesidades especiales en la escuela común
260 _c2011
264 _aEditora Cultural Colombiana; Buenos Aires
942 _2ddc
_cBKS
999 _c7592
_d7592